书目信息 |
| 题名: |
苏联社会主义经济问题
|
|
| 作者: | 斯大林 著 ;中共中央马恩列斯著作编译局 译 | |
| 分册: | ||
| 出版信息: | 北京 人民出版社 1952.11 |
|
| 页数: | 76页 | |
| 开本: | 21cm | |
| 丛书名: | ||
| 单 册: | ||
| 中图分类: | A328 | |
| 科图分类: | ||
| 主题词: | 斯大林著作--单行本--1946~1953年 | |
| 电子资源: | ||
| ISBN: | ||
| 000 | 00670nam0 2200205 45 | |
| 001 | 0181023592 | |
| 005 | 20060815171752.50 | |
| 010 | @dCNY0.20 | |
| 091 | @a1001.93 | |
| 100 | @a20810111d km y0chiy0120 ea | |
| 101 | 0 | @achi |
| 200 | 1 | @a苏联社会主义经济问题@ASU LIAN SHE HUI ZHU YI JING JI WEN TI@f斯大林著@FSi Da Lin Zhu@g中共中央马恩列斯著作编译局译 |
| 210 | @a北京@c人民出版社@d1952.11 | |
| 215 | @a76页@d21cm | |
| 606 | 0 | @a斯大林著作@x单行本@z1946~1953年 |
| 690 | @aA328@v3 | |
| 701 | 0 | @a斯大林@4著 |
| 712 | 02 | @a中共中央马恩列斯著作编译局@AZhong Gong Zhong Yang Ma En Lie Si Zhu ZuoBian Yi Ju@4译 |
| 801 | @aCN@bTSTC@c20060815 | |
| 905 | @dA328@e8@f1@b65610 | |
| 苏联社会主义经济问题/斯大林著/中共中央马恩列斯著作编译局译.-北京:人民出版社,1952.11 |
| 76页;21cm |
| ISBN :CNY0.20 |
| ● |
| 相关链接 |
|
|
|
|
正题名:苏联社会主义经济问题
索取号:A328/8
 
预约/预借
| 序号 | 登录号 | 条形码 | 馆藏地/架位号 | 状态 | 备注 |
| 1 | 0065601 | 000949978 | 第一借阅区/ [索取号:A328/8] | 在馆 | |
| 2 | 0065604 | 000950171 | 第一借阅区/ [索取号:A328/8] | 在馆 | |
| 3 | 0065605 | 000950091 | 第一借阅区/ [索取号:A328/8] | 在馆 | |
| 4 | 0065606 | 000950019 | 第一借阅区/ [索取号:A328/8] | 在馆 | |
| 5 | 0065607 | 000949941 | 第一借阅区/ [索取号:A328/8] | 在馆 | |
| 6 | 0065608 | 000950055 | 第一借阅区/ [索取号:A328/8] | 在馆 | |
| 7 | 0065609 | 000949932 | 第一借阅区/ [索取号:A328/8] | 在馆 | |
| 8 | 0065610 | 000950135 | 第一样本阅览室/ [索取号:A328/8] | 在馆 | |
| 9 | 0424197 | 204241971 | 密集书库/ [索取号:A328/8] | 在馆 | |
| 10 | 0424198 | 204241980 | 密集书库/ [索取号:A328/8] | 在馆 | |
| 11 | 0424323 | 204243238 | 密集书库/ [索取号:A328/8] | 在馆 | |
| 12 | 0424324 | 204243247 | 密集书库/ [索取号:A328/8] | 在馆 | |
| 13 | 0424327 | 204243274 | 密集书库/ [索取号:A328/8] | 在馆 | |
| 14 | 0424344 | 204243443 | 密集书库/ [索取号:A328/8] | 在馆 | |
| 15 | 0424364 | 204243648 | 密集书库/ [索取号:A328/8] | 在馆 | |
| 16 | 0424368 | 204243684 | 密集书库/ [索取号:A328/8] | 在馆 | |
| 17 | 0424502 | 204245021 | 密集书库/ [索取号:A328/8] | 在馆 | |
| 18 | 0424634 | 204246342 | 密集书库/ [索取号:A328/8] | 在馆 | |
| 19 | 0425289 | 204252897 | 密集书库/ [索取号:A328/8] | 在馆 | |
| 20 | 0425290 | 204252904 | 密集书库/ [索取号:A328/8] | 在馆 | |
| 21 | 0425291 | 204252913 | 密集书库/ [索取号:A328/8] | 在馆 | |
| 22 | 0425292 | 204252922 | 密集书库/ [索取号:A328/8] | 在馆 | |
| 23 | 0425293 | 204252931 | 密集书库/ [索取号:A328/8] | 在馆 | |
| 24 | 0425294 | 204252940 | 密集书库/ [索取号:A328/8] | 在馆 | |
| 25 | 0425295 | 204252959 | 密集书库/ [索取号:A328/8] | 在馆 | |
| 26 | 0426602 | 204266025 | 密集书库/ [索取号:A328/8] | 在馆 | |
| 27 | 0441609 | 204416097 | 密集书库/ [索取号:A328/8] | 在馆 | |
| 28 | 0441892 | 204418923 | 密集书库/ [索取号:A328/8] | 在馆 | |
| 29 | 0460238 | 204602386 | 密集书库/ [索取号:A328/8] | 在馆 | |
| 30 | 0460473 | 204604730 | 密集书库/ [索取号:A328/8] | 在馆 | |
| 31 | 0460474 | 204604749 | 密集书库/ [索取号:A328/8] | 在馆 |